000 00356nam a2200145Ia 4500
008 150201s1985 xx 000 0 und d
082 _a610.7362
_bN85W
100 _aWAECHTER , EUGENIA H.
245 _aNURSING CARE OF CHILDREN
250 _a10TH
260 _bLIPPNCOTT
_aPHILALDELPHIA
_c1985
300 _a1454
650 _aPEDIATRICS
942 _2ddc
_cBK
999 _c2011
_d2011